Vista normal
Vista MARC
Entrada Nombre Corporativo
Número de registros utilizados en: 1
001 - NUMERO DE CONTROL
- control field: 17804
003 - CONTROL NUMBER IDENTIFIER
- control field: AR-RoUNA
005 - FECHA Y HORA DE LA ÚLTIMA TRANSACCIÓN
- control field: 20190730130305.0
008 - ELEMENTOS DE DATOS DE LONGITUD FIJA
- fixed length control field: 190730|| aca||aabn | a|a d
040 ## - FUENTE DE CATALOGACIÓN
- Original cataloging agency: AR-RoUNA
- Transcribing agency: AR-RoUNA
110 ## - NOMBRE CORPORATIVO
- Nombre corporativo: camara del vidrio plano y sus manufacturas
670 ## - SOURCE DATA FOUND
- Source citation: Work cat.: (AR-RoUNA)2919: Petracca, Antonio 17803, Manual de colocacion del vidrio plano para la construccion, 1982